[Event "LUX-ch U18"]
[Site "Bonnevoie"]
[Date "2000.02.28"]
[Round "3"]
[White "Gitzinger, Philippe"]
[Black "Bakalarz, Janet"]
[Result "1-0"]
[WhiteElo "1400"]
[BlackElo "1309"]
[PlyCount "97"]
[EventDate "2000.02.26"]
[EventType "swiss"]
[EventRounds "7"]
[EventCountry "LUX"]
[SourceTitle "EXT 2005"]
[Source "ChessBase"]
[SourceDate "2004.11.15"]
[SourceVersion "1"]
[SourceVersionDate "2004.11.15"]
[SourceQuality "1"]

1. e4 e5 2. Nc3 Nf6 3. Bc4 Bc5 4. d3 0-0 5. Be3 Bxe3 6. fxe3 Nc6 7. Qd2 d6 8. 0-0-0 Bg4 9. Re1 Qe7 10. h3 Bh5 11. Nf3 Bxf3 12. gxf3 Rae8 13. f4 exf4 14. exf4 a6 15. a4 Rd8 16. d4 Nxe4 17. Nxe4 d5 18. Bd3 dxe4 19. Rxe4 Nxd4 20. Rxe7 Rc8 21. Bf5 Nxf5 22. Qc3 Nxe7 23. Rg1 g6 24. h4 f6 25. f5 Nxf5 26. Qb3+ Rf7 27. Qxb7 Re8 28. h5 Re4 29. Qxe4 Nd6 30. Qa8+ Kg7 31. Qg2 Kf8 32. hxg6 hxg6 33. Qxg6 f5 34. Qh6+ Ke7 35. Re1+ Kd7 36. Qe6+ Kc6 37. b4 Kb6 38. Qe3+ Kc6 39. Rd1 f4 40. Qf3+ Kb6 41. c3 a5 42. b5 Nc4 43. Qc6+ Ka7 44. Qxc4 Kb7 45. Qxf7 Kb6 46. Qxf4 c6 47. Qe3+ Kb7 48. Rd7+ Kc8 49. Qe8# 1-0

[Event "LUX-ch U18"]
[Site "Bonnevoie"]
[Date "2000.02.27"]
[Round "2"]
[White "Steil Antoni, Fiona"]
[Black "Gitzinger, Philippe"]
[Result "1-0"]
[WhiteElo "1350"]
[BlackElo "1400"]
[PlyCount "53"]
[EventDate "2000.02.26"]
[EventType "swiss"]
[EventRounds "7"]
[EventCountry "LUX"]
[SourceTitle "EXT 2005"]
[Source "ChessBase"]
[SourceDate "2004.11.15"]
[SourceVersion "1"]
[SourceVersionDate "2004.11.15"]
[SourceQuality "1"]

1. e4 e5 2. Nf3 d6 3. Nc3 Nf6 4. d4 c6 5. dxe5 Nxe4 6. Nxe4 Nd7 7. exd6 g6 8. Qe2 Bg7 9. Nc5+ Ne5 10. Nxe5 0-0 11. d7 Bxe5 12. dxc8Q Rxc8 13. Nd3 Re8 14. Nxe5 Qa5+ 15. Bd2 Qb6 16. 0-0-0 f6 17. f4 Rcd8 18. b3 Rd4 19. Be3 Red8 20. Bxd4 Rxd4 21. Rxd4 Qxd4 22. Nf3 Qxf4+ 23. Qd2 Qe4 24. Bd3 Qe7 25. Re1 Qd6 26. Qe2 Kf7 27. Bc4+ 1-0